And they forgot to tell us why... (Record no. 59833)

MARC details
000 -LEADER
fixed length control field 00574nam a2200157 a 4500
008 - FIXED-LENGTH DATA ELEMENTS--GENERAL INFORMATION
fixed length control field 120416s1993 ||||||||||||||||| || u
020 ## - INTERNATIONAL STANDARD BOOK NUMBER
International Standard Book Number 0821323822
050 ## - LIBRARY OF CONGRESS CALL NUMBER
Classification number IBRD(02)
100 ## - MAIN ENTRY--PERSONAL NAME
Personal name Wigg, David, (1939-)
245 14 - TITLE STATEMENT
Title And they forgot to tell us why...
246 ## - VARYING FORM OF TITLE
Title proper/short title a look at the campaign against river blindness in West Africa
260 ## - PUBLICATION, DISTRIBUTION, ETC.
Place of publication, distribution, etc. Washington, D. C.
Name of publisher, distributor, etc. World Bank
Date of publication, distribution, etc. 1993
300 ## - PHYSICAL DESCRIPTION
Extent iv, 44p. : ill.
350 ## - PRICE (NR) (BK AM CF MU VM SE) [OBSOLETE]
Price 0.00
995 ## - RECOMMENDATION 995 [LOCAL, UNIMARC FRANCE]
-- 0.00
-- CBU-MAIN LIBRARY (Kitwe)
-- 1
-- 0.00
-- AVAILABLE
-- International Publications
Holdings
Withdrawn status Lost status Source of classification or shelving scheme Damaged status Not for loan Home library Current library Shelving location Date acquired Total Checkouts Full call number Barcode Date last seen Price effective from Koha item type
          CBU-MAIN LIBRARY, KITWE. CBU-MAIN LIBRARY, KITWE.   11/30/2022   IBRD(02) 9007715 11/30/2022 11/30/2022 MONOGRAPH